Русская женщина: история и современность; Два века изучения "женской темы" русской и зарубежной наукой, 1800-2000: Материалы к библиографии

Dettagli Bibliografici
Autore principale: Пушкарева Н. Л. Наталья Львовна
Lingua:russo
Pubblicazione: Москва, Ладомир, 2002
Soggetti:
Natura: Libro
KOHA link:https://koha.lib.tpu.ru/cgi-bin/koha/opac-detail.pl?biblionumber=49045

MARC

LEADER 00000nam0a2200000 4500
001 49045
005 20241219171923.0
010 |a 5862183973 
035 |a (RuTPU)RU\TPU\book\51365 
090 |a 49045 
100 |a 20030324d2002 k y0rusy50 ca 
101 0 |a rus 
102 |a RU 
105 |a y az 001zy 
200 1 |a Русская женщина: история и современность  |a Два века изучения "женской темы" русской и зарубежной наукой, 1800-2000  |e Материалы к библиографии  |f Н. Л. Пушкарева 
210 |a Москва  |c Ладомир  |d 2002 
215 |a 526 с. 
320 |a Библиогр.: с. 133-472. 
320 |a Предм. указ.: с. 473-521. 
606 1 |a Женщины в России  |x История  |2 stltpush  |3 (RuTPU)RU\TPU\subj\64768  |9 81520 
610 1 |a историография 
610 1 |a Россия 
610 1 |a женское движение 
610 1 |a русские женщины 
610 1 |a 19 век 
610 1 |a 20 век 
610 1 |a гендерные исследования 
610 1 |a библиография 
610 1 |a библиографические пособия 
686 |a Т3(2)-2я1  |2 rubbk 
686 |a Ф74(2)я1  |2 rubbk 
700 1 |a Пушкарева  |b Н. Л.  |g Наталья Львовна 
801 1 |a RU  |b 63413507  |c 20030324  |g PSBO 
801 2 |a RU  |b 63413507  |c 20221003  |g PSBO 
942 |c BK